Teória a prax legislatívy

Bibliographic Details
Main Authors: Svák, Ján (Author), Kukliš, Peter (Author), Balog, Boris, 1976- (Author), Surmajová, Žaneta, 1982- (Author)
Format: Book
Language:Slovak
PhysicalDescription:440 s. sch., tab. 21 cm
Published: Bratislava Žilina Paneurópska vysoká škola Eurokódex 2012
ISBN:9788089447657
Edition:3. rozšír. vyd.
Subjects:

MARC

LEADER 00000cam a2200000 a 4500
001 vtls010351504
003 SK-MaSNL
005 20260302082531.0
008 240318s2012 xo l e p 000 0 slo
015 |a SNBA2012/06-03047 
020 |a 9788089447657  |q (viaz.) 
035 |a 08FC7F7A-C419-4FB7-B012-4C60EB341559 
035 |a urn:nbn:sk:snk-amjkde 
035 |a urn:nbn:sk:snk-am002gy9 
040 |a SNK  |b slo  |c SNK  |e AACR2 
041 0 |a slo 
044 |a xo  |c SK 
072 7 |a 342  |x Ústavné právo. Správne právo  |2 konspekt 
072 7 |a 37.016  |x Učebné osnovy. Vyučovacie predmety. Učebnice  |2 konspekt 
080 |a 342.537.3/.5  |2 2001 
080 |a (075.8)  |2 2001 
100 1 |a Svák, Ján  |4 aut  |9 267778 
245 1 0 |a Teória a prax legislatívy  |c Ján Svák ... [et al.] 
250 |a 3. rozšír. vyd. 
260 |a Bratislava  |b Paneurópska vysoká škola  |a Žilina  |b Eurokódex  |c 2012 
300 |a 440 s.  |b sch., tab.  |c 21 cm 
504 |a Bibliogr. odkazy. Pozn. 
650 0 7 |a legislatíva  |2 SNKPH  |9 121217 
650 0 7 |a Legislation  |2 SNKPHeng  |9 268421 
655 7 |a učebnice vysokých škôl  |2 SNKPH  |9 70191 
655 7 |a Textbooks (higher)  |2 SNKPHeng  |9 276436 
700 1 |a Kukliš, Peter  |4 aut  |9 406731 
700 1 |a Balog, Boris,  |d 1976-  |4 aut  |9 158009 
700 1 |a Surmajová, Žaneta,  |d 1982-  |4 aut  |9 224448 
852 |a Štátna vedecká knižnica v Banskej Bystrici 
919 |a 978-80-89447-65-7 
958 |a NB 
968 |d 34 
999 |c 1180408  |d 1182338 
952 |a SNK  |b SNK  |y PREZ  |7 0  |p 17A0886384  |o snkSC 149127  |i snk2012/8049  |8 0  |0 0  |1 0  |4 0  |d 2012-04-19  |l 0  |r 2025-07-17 00:00:00  |w 2026-02-24 
952 |a SNK  |b SNK  |y VYP  |7 0  |p 17A0886383  |o snkSC 149127 D1  |i snk2012/8050  |8 0  |0 0  |1 0  |4 0  |d 2012-04-19  |l 0  |r 2026-02-24 21:36:28  |w 2026-02-24 
952 |t snkSVA 342  |a SNKUST  |b SNKUST  |y PREZ  |7 0  |p 17A0810258  |o snkSC 149127 D2  |i snk2013/30706  |8 3  |g 17.91  |0 0  |1 0  |4 0  |d 2013-12-16  |l 0  |r 2025-05-28 00:00:00  |w 2026-02-24